General psychology textbook and manual / (Record no. 72387)
[ view plain ]
| 000 -LEADER | |
|---|---|
| fixed length control field | 01172nam a22002777i 4500 |
| 003 - CONTROL NUMBER IDENTIFIER | |
| control field | URS |
| 005 - DATE AND TIME OF LATEST TRANSACTION | |
| control field | 20230817132759.0 |
| 008 - FIXED-LENGTH DATA ELEMENTS--GENERAL INFORMATION | |
| fixed length control field | 160321b xxu||||| |||| 00| 0 eng d |
| 040 ## - CATALOGING SOURCE | |
| Original cataloging agency | URS |
| Language of cataloging | eng |
| Transcribing agency | URS |
| 050 14 - LIBRARY OF CONGRESS CALL NUMBER | |
| Classification number | BF121 |
| Item number | .G2862 1999 |
| 245 ## - TITLE STATEMENT | |
| Title | General psychology textbook and manual / |
| Statement of responsibility, etc. | edited by Lota A. Teh, Ma. Elizabeth J. Macapagal. |
| 264 #1 - PRODUCTION, PUBLICATION, DISTRIBUTION, MANUFACTURE, AND COPYRIGHT NOTICE | |
| Place of production, publication, distribution, manufacture | [Quezon City] : |
| Name of producer, publisher, distributor, manufacturer | Ateneo de Manila University ; |
| 264 #1 - PRODUCTION, PUBLICATION, DISTRIBUTION, MANUFACTURE, AND COPYRIGHT NOTICE | |
| Place of production, publication, distribution, manufacture | [Quezon City] : |
| Name of producer, publisher, distributor, manufacturer | Commisioner on Higher Education ; |
| 264 #1 - PRODUCTION, PUBLICATION, DISTRIBUTION, MANUFACTURE, AND COPYRIGHT NOTICE | |
| Place of production, publication, distribution, manufacture | Metro Manila : |
| Name of producer, publisher, distributor, manufacturer | Philippine Social Science Council, |
| Date of production, publication, distribution, manufacture, or copyright notice | ©1999. |
| 300 ## - PHYSICAL DESCRIPTION | |
| Extent | xxiv, 588 pages : |
| Other physical details | illustrations ; |
| Dimensions | 25 cm. |
| 336 ## - CONTENT TYPE | |
| Source | rdacontent |
| Content type term | text |
| 336 ## - CONTENT TYPE | |
| Source | rdacontent |
| Content type term | still image |
| 337 ## - MEDIA TYPE | |
| Source | rdamedia |
| Media type term | unmediated |
| 338 ## - CARRIER TYPE | |
| Source | rdacarrier |
| Carrier type term | volume |
| 504 ## - BIBLIOGRAPHY, ETC. NOTE | |
| Bibliography, etc. note | Includes bibliographical references. |
| 524 ## - PREFERRED CITATION OF DESCRIBED MATERIALS NOTE | |
| Preferred citation of described materials note | Teh, L. A., Macapagal, M. E. J. (1999). General psychology: textbook and manual. [Quezon City]: Ateneo de Manila University ; [Quezon City]: Commisioner on Higher Education ; [Metro Manila]: Philippine Social Science Council. |
| 650 #0 - SUBJECT ADDED ENTRY--TOPICAL TERM | |
| Topical term or geographic name entry element | Psychology |
| 700 1# - ADDED ENTRY--PERSONAL NAME | |
| Personal name | Teh, Lota A. |
| Relator term | editor |
| 700 1# - ADDED ENTRY--PERSONAL NAME | |
| Personal name | Macapagal, Ma. Elizabeth J. |
| Relator term | editor |
| 942 ## - ADDED ENTRY ELEMENTS (KOHA) | |
| Koha item type | Filipiniana |
| Source of classification or shelving scheme | Library of Congress Classification |
| Withdrawn status | Source of classification or shelving scheme | Damaged status | Not for loan | Collection code | Home library | Current library | Shelving location | Date acquired | Total Checkouts | Total Renewals | Full call number | Barcode | Date last seen | Date last checked out | Price effective from | Koha item type |
|---|---|---|---|---|---|---|---|---|---|---|---|---|---|---|---|---|
| Library of Congress Classification | Non-fiction | Tanay College Library | Tanay College Library | Reserve Section | 03/05/2015 | 1 | 6 | BF121 G2862 1999 | URSTAN-D272 | 08/29/2018 | 07/04/2018 | 03/05/2015 | Filipiniana | |||
| Library of Congress Classification | Non-fiction | Tanay College Library | Tanay College Library | General Stacks | 03/05/2015 | BF121 .G2862 1999 | URSTAN-D258 | 03/04/2019 | 03/05/2015 | Filipiniana |